|
|
|
|
| LEADER |
00000cas a2200000 a 4500 |
| 001 |
vtls010171691 |
| 003 |
SK-MaSNL |
| 005 |
20260425194030.0 |
| 008 |
100924d19181949xr mr 000 00czesd |
| 022 |
|
|
|a 2694-684X
|
| 040 |
|
|
|a SVKPO
|b slo
|c SVKPO
|d SNK
|e AACR2
|
| 041 |
0 |
|
|a cze
|
| 043 |
|
|
|a e-xr---
|
| 044 |
|
|
|a xr
|c CZ
|
| 072 |
|
7 |
|a 72/76
|x Výtvarné umenie
|2 konspekt
|
| 080 |
|
|
|a 72/76
|2 2011
|
| 080 |
|
|
|a (082)
|2 2011
|
| 080 |
|
|
|a (437.3)
|2 2011
|
| 210 |
0 |
|
|a Umění
|b (Jan Štenc)
|
| 222 |
|
0 |
|a Umění
|b (Jan Štenc)
|
| 245 |
0 |
0 |
|a Umění
|b sborník pro českou výtvarnou práci
|
| 260 |
|
|
|a Praha
|b J. Štenc
|c 1918-1949
|
| 300 |
|
|
|a zv.
|c 26 cm
|
| 310 |
|
|
|a 10x ročne
|
| 321 |
|
|
|a 4x ročne
|b 1918-1942
|
| 362 |
0 |
|
|a Roč. 1, č. 1-4 (1918-1921) ; roč. 2, č. 1 (1929)-roč. 17, č. 1 (1945)-č. 8 (1949)
|z SKP
|
| 650 |
0 |
7 |
|a výtvarné umenie
|2 SNKPH
|9 723
|
| 650 |
0 |
7 |
|a Fine art
|2 SNKPHeng
|9 265088
|
| 651 |
|
7 |
|a Česko
|2 SNKPHgeo
|9 16753
|
| 651 |
|
7 |
|a Czechia
|2 SNKPHeng
|9 170107
|
| 655 |
|
7 |
|a zborníky
|2 SNKPH
|9 70165
|
| 655 |
|
7 |
|a Papers of several authors
|2 SNKPHeng
|9 153738
|
| 856 |
4 |
1 |
|u http://kramerius4.nkp.cz/search/handle/uuid:49c49900-680e-11e5-b4b4-005056827e51
|y Digitalizovaný dokument
|
| 910 |
|
|
|a snmk
|
| 910 |
|
|
|a snk
|
| 999 |
|
|
|c 2160
|d 4090
|
| 952 |
|
|
|a SNK
|b SNK
|y PREZ
|7 0
|p 17A0067681
|o snkČC 152/3/1930
|0 0
|1 1
|4 0
|d 1997-05-20
|l 0
|r 2005-01-02 00:00:00
|w 2026-02-21
|
| 952 |
|
|
|a SNK
|b SNK
|y PREZ
|7 0
|p 17A0402635
|o snkČC 152/17/1945
|0 0
|1 1
|4 0
|d 2003-11-20
|l 0
|r 2005-01-02 00:00:00
|w 2026-02-21
|
| 952 |
|
|
|a SNK
|b SNK
|y PREZ
|7 0
|p 17A0315721
|o snkČC 152/7/1934
|0 0
|1 1
|4 0
|d 2001-09-12
|l 0
|r 2005-01-02 00:00:00
|w 2026-02-21
|
| 952 |
|
|
|t č. 1
|a SNK
|b SNK
|y PREZ
|7 0
|p 17A0315884
|o snkČC 152/8/1934
|0 0
|1 1
|4 0
|d 2001-09-12
|l 0
|r 2005-01-02 00:00:00
|w 2026-02-21
|
| 952 |
|
|
|a SNK
|b SNK
|y PREZ
|7 0
|p 17A0315885
|o snkČC 152/9/1936
|0 0
|1 1
|4 0
|d 2001-09-12
|l 0
|r 2005-01-02 00:00:00
|w 2026-02-21
|
| 952 |
|
|
|a SNK
|b SNK
|y PREZ
|7 0
|p 17A0402911
|o snkČC 152/11/1937
|i snk 1940/38
|0 0
|1 1
|4 0
|d 2003-11-18
|l 0
|r 2005-01-02 00:00:00
|w 2026-02-21
|
| 952 |
|
|
|a SNK
|b SNK
|y PREZ
|7 0
|p 17A0402346
|o snkČC 152/10/1937
|i snkČIK 308/56
|8 3
|0 0
|1 1
|4 0
|d 2003-11-18
|l 0
|r 2005-01-02 00:00:00
|w 2026-02-21
|
| 952 |
|
|
|a SNK
|b SNK
|y PREZ
|7 0
|p 17A0402905
|o snkČC 152/6/1932
|i snk 3602/34
|0 0
|1 1
|4 0
|d 2003-11-18
|l 0
|r 2005-01-02 00:00:00
|w 2026-02-21
|
| 952 |
|
|
|a SNK
|b SNK
|y PREZ
|7 0
|p 17A0402870
|o snkČC 152/5/1932
|i snkČIK 87/56
|8 3
|0 0
|1 1
|4 0
|d 2003-11-18
|l 0
|r 2005-01-02 00:00:00
|w 2026-02-21
|
| 952 |
|
|
|a SNK
|b SNK
|y PREZ
|7 0
|p 17A0402801
|o snkČC 152/2/1929
|i snk 2633/33
|0 0
|1 1
|4 0
|d 2003-11-18
|l 0
|r 2005-01-02 00:00:00
|w 2026-02-21
|
| 952 |
|
|
|a SNK
|b SNK
|y PREZ
|7 0
|p 17A0397885
|o snkČC 152/4/1931
|i snk 3837/54
|0 0
|1 1
|4 0
|d 2003-11-18
|l 0
|r 2005-01-02 00:00:00
|w 2026-02-21
|